El impacto de los tecnopolos en el desarrollo regional : Una revisión crítica /

Verificados desde hace al menos tres décadas, los profundos cambios vividos por las naciones industrializadas han terminado por provocar una profunda escisión con el modelo de desarrollo fordista precedente. Mientras la transición entre un modelo y otro todavía no termina por cristalizar, sí resulta...

Full description

Bibliographic Details
Main Author: Benko, Georges
Format: Analitica de revista
Language:Spanish

MARC

LEADER 00000cab a2200000 a 4500
001 033032
003 UAHC_CL
005 20170803123602.0
008 050722b xx j 000 1 spa
040 |a UAHC_CL  |c UAHC_CL  |d UAHC_CL 
100 1 |a Benko, Georges 
245 1 3 |a El impacto de los tecnopolos en el desarrollo regional :  |b Una revisión crítica /  |c Georges Benko. 
500 |a EURE (Santiago), dic. 1998, vol.24, no.73, p.55-80. 
520 |a Verificados desde hace al menos tres décadas, los profundos cambios vividos por las naciones industrializadas han terminado por provocar una profunda escisión con el modelo de desarrollo fordista precedente. Mientras la transición entre un modelo y otro todavía no termina por cristalizar, sí resulta nítido apreciar que el nuevo orden económico urbano regional está fuertemente influido por una tríada de elementos: revolución tecnológica, globalización económica y emergencia de un nuevo sistema productivo. Inmerso en esa preocupación, el artículo pasa revista a los debates teóricos que acompañan las innovaciones experimentadas con intensidad inusual en los últimos años 
520 |a Verificados desde hace al menos tres décadas, los profundos cambios vividos por las naciones industrializadas han terminado por provocar una profunda escisión con el modelo de desarrollo fordista precedente. Mientras la transición entre un modelo y otro todavía no termina por cristalizar, sí resulta nítido apreciar que el nuevo orden económico urbano regional está fuertemente influido por una tríada de elementos: revolución tecnológica, globalización económica y emergencia de un nuevo sistema productivo. Inmerso en esa preocupación, el artículo pasa revista a los debates teóricos que acompañan las innovaciones experimentadas con intensidad inusual en los últimos años 
520 |a Verificados desde hace al menos tres dÈcadas, los profundos cambios vividos por las naciones industrializadas han terminado por provocar una profunda escisiÛn con el modelo de desarrollo fordista precedente. Mientras la transiciÛn entre un modelo y otro todavÌa no termina por cristalizar, sÌ resulta nÌtido apreciar que el nuevo orden econÛmico urbano regional est· fuertemente influido por una trÌada de elementos: revoluciÛn tecnolÛgica, globalizaciÛn econÛmica y emergencia de un nuevo sistema productivo. Inmerso en esa preocupaciÛn, el artÌculo pasa revista a los debates teÛricos que acompaÒan las innovaciones experimentadas con intensidad inusual en los últimos aÒos 
759 |a PP072 
773 0 |t EURE  |w 032794 
900 |a EURE-73/98 
942 |c REVA 
952 |0 0  |1 0  |4 0  |6 EURE_73_98_000000000000000  |7 0  |8 General  |9 63521  |a BC  |b BC  |c General  |d 2017-08-03  |l 0  |o EURE-73/98  |p FICTICIO3783  |r 2019-01-08 00:00:00  |t 1  |w 2017-08-03  |y REVA 
999 |c 33032  |d 33032